000 00448nam a2200193Ia 4500
003 0100
008 130303s9999 xx 000 0 und d
040 _cARRUPELIB
050 _aHC800.C6281996
100 _aLeys, Colin
245 4 _aThe rise fall of development theory
260 _aNairobi
260 _bIndiana University Press
260 _C1996
300 _axiii
300 _b 205p. 25cm.
700 _aColin Leys
942 0 0 _02
999 _c15012
_d15012